[Event "Let's Play Chess!"]
[Site "http://www.queenalice.com/game.php?id=239955"]
[Date "2007.7.14"]
[Round "-"]
[White "GMDimitry"]
[Black "vmourae"]
[Result "0-1"]
[WhiteElo "1466"]
[BlackElo "1220"]

1. e4 e5 2. Nf3 Qf6 3. Nc3 Nc6 4. Bc4 d6 5. d3 Be6 6. Bg5 Qd8 7. Bxd8 Rxd8 8.
Bxe6 fxe6 9. Ng5 Nh6 10. O-O Be7 11. Qh5+ Kd7 12. Nf7 Nxf7 13. Qxf7 Rdg8 14. f4
a6 15. f5 Nd8 16. fxe6+ Nxe6 17. Nd5 Re8 18. Nxe7 Rxe7 19. Qf2 c5 0-1

[Event "Challenge"]
[Site "http://www.queenalice.com/game.php?id=249234"]
[Date "2007.8.1"]
[Round "-"]
[White "vmourae"]
[Black "dahora"]
[Result "0-1"]
[WhiteElo "1217"]
[BlackElo "1980"]

1. e4 e6 2. Bc4 d5 3. exd5 exd5 4. Bd3 Nf6 5. Nf3 Bd6 6. O-O O-O 7. Nd4 c6 8. c4
Qc7 9. g3 Bg4 10. f3 Bh5 11. g4 Bxh2+ 12. Kf2 Qg3+ 13. Ke2 Re8+ 14. Be4 Bxg4 15.
fxg4 Rxe4# 0-1

[Event "Let's Play Chess!"]
[Site "http://www.queenalice.com/game.php?id=256093"]
[Date "2007.8.15"]
[Round "-"]
[White "zemaria"]
[Black "vmourae"]
[Result "1-0"]
[WhiteElo "1624"]
[BlackElo "1231"]

1. d4 d5 2. Bf4 f6 3. e3 Bf5 4. h3 g5 5. Bh2 e5 6. c4 dxc4 7. Bxc4 Qe7 8. Ne2
Qb4+ 9. Nd2 Nc6 10. Bb3 Qb5 11. g4 Bg6 12. O-O Bd6 13. Be6 e4 14. Nb3 Bxh2+ 15.
Kxh2 f5 16. Nc3 Qb4 17. Nd5 Qd6+ 18. Nf4 gxf4 19. d5 f3+ 20. Kh1 Ne5 21. Nc1
fxg4 22. Rg1 h5 23. Qa4+ c6 24. Rd1 b5 25. Qa6 Nf6 26. Qb7 Qb8 27. Qg7 Rf8 28.
Nb3 h4 29. d6 Bf7 30. Qxf6 Bxe6 31. Qe7# 1-0

[Event "Challenge"]
[Site "http://www.queenalice.com/game.php?id=263517"]
[Date "2007.8.29"]
[Round "-"]
[White "dahora"]
[Black "vmourae"]
[Result "1-0"]
[WhiteElo "2059"]
[BlackElo "1229"]

1. d4 d5 2. c4 c6 3. cxd5 cxd5 4. Nc3 Bf5 5. Nf3 e6 6. Bf4 Bb4 7. e3 Nc6 8. Bb5
Nf6 9. Ne5 O-O 10. Bxc6 bxc6 11. Nxc6 Qb6 12. Qa4 Bxc3+ 13. bxc3 h6 14. O-O Qb7
15. Bd6 Rfc8 16. Ne7+ Kh7 17. Nxc8 Rxc8 18. Qb4 Qd7 19. Rfc1 Rc4 20. Qb3 Qxd6
21. a4 e5 22. Qb7 1-0

[Event "Challenge"]
[Site "http://www.queenalice.com/game.php?id=266990"]
[Date "2007.9.4"]
[Round "-"]
[White "zxguttixz"]
[Black "vmourae"]
[Result "0-1"]
[WhiteElo "1363"]
[BlackElo "1246"]

1. e4 d5 2. e5 Bf5 3. Nf3 e6 4. d4 a5 5. Be2 c6 6. O-O g6 7. Nc3 Qb6 8. Bd2 Nd7
9. h3 Bb4 10. Na4 Qc7 11. c3 Nxe5 12. cxb4 b5 13. Nc5 Nxf3+ 14. Bxf3 axb4 0-1

[Event "Game on!"]
[Site "http://www.queenalice.com/game.php?id=270350"]
[Date "2007.9.11"]
[Round "-"]
[White "Vanchi"]
[Black "vmourae"]
[Result "1-0"]
[WhiteElo "1671"]
[BlackElo "1295"]

1. e4 e5 2. Nf3 Bd6 3. Bc4 a6 4. a3 Bc5 5. Nxe5 Nh6 6. d3 O-O 7. Bxh6 gxh6 8.
Qf3 Kg7 9. Nc3 f6 10. Qg3+ Kh8 11. Nf7+ Rxf7 12. Bxf7 Qf8 13. Bb3 d6 14. O-O-O
Qg7 15. f3 Be3+ 16. Kb1 Bd7 17. Nd5 Qg5 18. Nxe3 1-0

[Event "Challenge"]
[Site "http://www.queenalice.com/game.php?id=274188"]
[Date "2007.9.19"]
[Round "-"]
[White "cmnetto"]
[Black "vmourae"]
[Result "1-0"]
[WhiteElo "1757"]
[BlackElo "1291"]

1. e4 e5 2. Nf3 Bc5 3. Nc3 d6 4. d4 exd4 5. Nd5 c6 6. Nf4 g5 7. Nh5 Bg4 8. Be2
Bxh5 9. Bxg5 Qa5+ 10. Bd2 Bb4 11. a3 Bxd2+ 12. Nxd2 Bxe2 13. Qxe2 Nf6 14. O-O
Qe5 15. Nc4 Qg5 16. Nxd6+ Kf8 17. c3 Rg8 18. g3 Nbd7 19. Nf5 Ne5 20. h4 Qg4 21.
Qxg4 Rxg4 22. cxd4 Nf3+ 23. Kg2 Nd2 24. Rfe1 Nfxe4 25. Re3 Re8 26. f3 Nxf3 27.
Rxf3 Nd2 28. Rd3 Re2+ 29. Kh3 Rge4 30. b4 1-0

[Event "Let's Play Chess!"]
[Site "http://www.queenalice.com/game.php?id=289240"]
[Date "2007.10.19"]
[Round "-"]
[White "lorae"]
[Black "vmourae"]
[Result "1-0"]
[WhiteElo "1540"]
[BlackElo "1289"]

1. e4 d5 2. exd5 Qxd5 3. Nc3 Qe5+ 4. Be2 Bf5 5. d3 e6 6. Nf3 Qf6 7. O-O Bc5 8.
Nb5 Na6 9. Bf4 c6 10. Nc3 g5 11. Be5 Qh6 12. Bxh8 f6 13. d4 Bd6 14. Bxa6 1-0

[Event "Let's Play Chess!"]
[Site "http://www.queenalice.com/game.php?id=291794"]
[Date "2007.10.23"]
[Round "-"]
[White "vmourae"]
[Black "Martineesch"]
[Result "0-1"]
[WhiteElo "1304"]
[BlackElo "1801"]

1. e4 c5 2. d4 cxd4 3. Qxd4 Nc6 4. Qc5 Nf6 5. f3 e6 6. Qc3 Bb4 7. Bd2 Bxc3 8.
Bxc3 d5 9. Na3 dxe4 10. Rd1 Nd5 11. Bc4 Qg5 12. Bb5 Nxc3 13. bxc3 Qxg2 14. Nc4
Qxh1 15. Kf1 O-O 16. Nd6 exf3 17. Ne4 Qg2+ 18. Ke1 Qxg1+ 19. Kd2 Rd8+ 0-1

[Event "Let's Play Chess!"]
[Site "http://www.queenalice.com/game.php?id=291795"]
[Date "2007.10.23"]
[Round "-"]
[White "vmourae"]
[Black "Martineesch"]
[Result "0-1"]
[WhiteElo "1293"]
[BlackElo "1711"]

1. d4 d5 2. Bf4 c6 3. Nc3 e6 4. e4 dxe4 5. Nxe4 Qb6 6. b3 Nd7 7. Bd6 Bxd6 8.
Nxd6+ Kf8 9. Nf3 Qb4+ 10. Qd2 Qxd6 0-1

[Event "Chess!"]
[Site "http://www.queenalice.com/game.php?id=319042"]
[Date "2007.12.12"]
[Round "-"]
[White "junelorena"]
[Black "vmourae"]
[Result "0-1"]
[WhiteElo "1480"]
[BlackElo "1304"]

1. Nc3 e5 2. e3 Bc5 3. Nf3 f6 4. Bc4 Nh6 5. O-O d6 6. d4 d5 7. Nxd5 c6 8. dxc5
cxd5 9. Bxd5 e4 10. Nh4 f5 11. c4 Qxh4 12. b4 Na6 13. c6 Rb8 14. cxb7 Bxb7 15.
Be6 g5 16. Qd7+ Kf8 17. b5 Nc5 18. Qd6+ Kg7 19. Qxc5 Kg6 0-1

[Event "Challenge"]
[Site "http://www.queenalice.com/game.php?id=330819"]
[Date "2008.1.4"]
[Round "-"]
[White "xeque_mate"]
[Black "vmourae"]
[Result "1-0"]
[WhiteElo "1390"]
[BlackElo "1309"]

1. e4 d5 2. Nc3 c6 3. d4 f5 4. f3 e6 5. g3 g6 6. b3 Bh6 7. Nge2 Nf6 8. Bxh6 Qb6
9. exd5 exd5 10. Bh3 Be6 11. Bg7 1-0

[Event "Uia"]
[Site "http://www.queenalice.com/game.php?id=368920"]
[Date "2008.3.10"]
[Round "-"]
[White "vmourae"]
[Black "dahora"]
[Result "0-1"]
[WhiteElo "1315"]
[BlackElo "2130"]

1. e4 e6 2. Bc4 d5 3. exd5 exd5 4. Qe2+ Be6 5. Bb3 c6 6. c4 Nf6 7. Nc3 Be7 8. d3
dxc4 9. dxc4 O-O 10. Nf3 Re8 11. O-O Nbd7 12. Ne4 Qc7 13. g3 Bg4 14. Bf4 Bd6 15.
Qd3 Bxf4 0-1